| 000 | 00503nam a2200181Ia 4500 | ||
|---|---|---|---|
| 003 | GCL | ||
| 008 | 140319s9999 xx 000 0 eng d | ||
| 040 |
_aGCL / _cGCL |
||
| 082 | 0 | 4 |
_a550.3 _bA C |
| 100 | 1 | _aALLABY, AILSA | |
| 245 | 1 | 0 |
_aTHE CONSICE OXFORD DICTIONARY OF EARTH SCIENCES / _cALLABY, AILSA |
| 700 | 1 | _aALLABY, MICHAEL | |
| 260 |
_a[S.N] : _bOXFORD UNIVERSITY PRESS ، _c1990 |
||
| 300 | _a410 P | ||
| 650 | 0 | 4 | _aEARTH SCINECE - DICTIONARY |
| 650 | 0 | 4 | _aEARTH SCIENCES |
| 942 |
_2ddc _cBK |
||
| 999 |
_c13342 _d13342 |
||